000 005150000a22001690004500
003 MACL
005 20160317163229.0
008 160317b xxu||||| |||| 00| 0 eng d
040 _aMACL
_cMACL
041 _aHindi
082 _a954
100 _aवासुदेव उपाध्‍याय
_947045
245 _aपूर्व मध्‍यकालीन
260 _bभारत दर्पण ग्रंथमाला
_aप्रयाग
650 _aHistory
_947046
942 _cHIN
_k934
_2ddc
999 _c23839
_d23839